Sanat - "100 asiaa" - Ville Veikka - Statistics

Yleistilastot
  • Tätä visaa on pelattu 51 kertaa
    50 viimeisimmän päivityksen jälkeen
  • Keskiarvotulos 114 / 196
Vastaustilastot
Vastaus % Oikein
100
95%
asiaa
95%
ku
90%
ennen
86%
kuolemaa
86%
Listaa
86%
tehä
86%
jotka
81%
kiivetä
81%
haluut
76%
oo
76%
aina
71%
kirjaa
71%
kirjoittaa
71%
oot
71%
puhunut
71%
ei
67%
mistä
67%
ja
62%
ne
62%
valaita
62%
katsella
57%
piti
57%
käydä
52%
aloittaa
48%
koskaan
48%
mitä
48%
mun
48%
mut
48%
pitää
48%
se
48%
vaan
48%
aikaa
43%
jäädä
43%
kuollaan
43%
Lapissa
43%
olla
43%
siit
43%
sun
43%
tuu
43%
voi
43%
hetkeä
38%
huomista
38%
ihan
38%
ikin
38%
joka
38%
joskus
38%
keksitään
38%
Meijän
38%
neuloo
38%
oikeesti
38%
on
38%
oottamaan
38%
opetella
38%
rahaa
38%
sitä
38%
skeittaamaan
38%
sukkaakaan
38%
toteutetaan
38%
tullu
38%
unelma
38%
villapaita
38%
eikä
33%
jonka
33%
kuljetaan
33%
lähel
33%
ohi
33%
ravintola
33%
varausta
33%
keksitäänkö
29%
kerta
29%
luvataan
29%
vaikka
29%
vuorii
24%
Ehtoja vastaavia visoja ei löytynyt
Tulosjakauma
Jokaisen tuloksen saaneiden osuus
Persentiili vastausten määrän mukaan
Tuloshistoriasi
Et ole pelannut tätä visaa sen viimeisimmän päivityksen jälkeen